LEADER 01142cam0 2200289 450 001 E600200025118 005 20200827095452.0 100 $a20070206d1974 |||||ita|0103 ba 101 $aita 102 $aIT 200 1 $aStudi sull'età della Restaurazione$eLa cultura francese nell'età della Restaurazione$easpetti del cattolicesimo della Restaurazione$fAdolfo Omodeo$gprefazione di Alessandro Galante Garrone 205 $a2. ed. aumentata 210 $aTorino$cEinaudi$d[1974] 215 $aXXIV, 467 p.$d18 cm 225 2 $aPiccola biblioteca Einaudi$v136 410 1$1001LAEC00015152$12001 $a*Piccola biblioteca Einaudi$v136 700 1$aOmodeo$b, Adolfo <1889-1946>$3AF00013459$4070$0137233 702 1$aGalante Garrone, Alessandro$3A600200029091$4070 801 0$aIT$bUNISOB$c20200827$gRICA 850 $aUNISOB 852 $aUNISOB$j900$m64091 912 $aE600200025118 940 $aM 102 Monografia moderna SBN 941 $aM 957 $a900$b002026$gSi$d64091$racquisto$1pregresso1$2UNISOB$3UNISOB$420070206105318.0$520200827095452.0$6rovito 996 $aStudi sull'età della restaurazione$9165511 997 $aUNISOB LEADER 00756oam 2200253z- 450 001 9910148728703321 005 20160114075017.0 010 $a1-61564-470-9 035 $a(CKB)3710000000922254 035 $a(EXLCZ)993710000000922254 100 $a20210505c2007uuuu -u- - 101 0 $aeng 200 14$aThe complete idiot's guide to handwriting analysis /$fby Sheila R. Lowe 210 $cAlpha 311 $a1-59257-601-X 517 $aComplete Idiot's Guide to Handwriting Analysis, 2nd Edition 606 $aGraphology 615 0$aGraphology. 676 $a155.2/82 700 $aLowe$b Sheila R$01239035 906 $aBOOK 912 $a9910148728703321 996 $aThe complete idiot's guide to handwriting analysis$92875157 997 $aUNINA LEADER 04961nam 2200685Ia 450 001 9910146140203321 005 20230721005225.0 010 $a1-4443-6009-4 010 $a1-282-13957-6 010 $a9786612139574 010 $a1-4443-1168-9 010 $a1-4443-1167-0 035 $a(CKB)1000000000719909 035 $a(EBL)428251 035 $a(OCoLC)437111839 035 $a(SSID)ssj0000353721 035 $a(PQKBManifestationID)11273002 035 $a(PQKBTitleCode)TC0000353721 035 $a(PQKBWorkID)10302005 035 $a(PQKB)11719695 035 $a(MiAaPQ)EBC428251 035 $a(Au-PeEL)EBL428251 035 $a(CaPaEBR)ebr10303952 035 $a(CaONFJC)MIL213957 035 $a(EXLCZ)991000000000719909 100 $a20080910d2009 uy 0 101 0 $aeng 135 $aur|n|---||||| 181 $ctxt 182 $cc 183 $acr 200 00$aAchieving cultural competency$b[electronic resource] $ea case-based approach to training health professionals /$feditors-in-chief, Lisa Hark, Horace DeLisser ; senior editor, Gail Morrison 210 $aChichester, West Sussex, UK ;$aHoboken, NJ, USA $cWiley-Blackwell$d2009 215 $a1 online resource (313 p.) 300 $aDescription based upon print version of record. 311 $a1-4051-8072-2 320 $aIncludes bibliographical references and index. 327 $aAchieving Cultural Competency; Contents; Contributors; CME Disclosure Information; Preface; Foreword; Acknowledgments; Introduction; Tools to Assess Cultural Competency Training (TACCT); Case 1 Ruth Franklin: A 40-year-old African American woman with heart failure; Case 2 Carl Jones: A 48-year-old homeless Caucasian man with chest pain and lung cancer; Case 3 Maria Morales: A 57-year-old Mexican woman with type 2 diabetes; Case 4 Maya Mohammed: A 15-year-old Arab American teenager with leukemia; Case 5 Jon Le: A 48-year-old Korean man with cerebral hemorrhage 327 $aCase 6 Nadia Rosenberg: A 53-year-old Russian woman with drug-resistant tuberculosisCase 7 Isabel Delgado: A 47-year-old Dominican woman with hypertension; Case 8 George Dennis: A 35-year-old African American man with AIDS; Case 9 Mary Jones: A 2-year-old Caucasian girl with delayed speech development; Case 10 Priya Krishnamurthy: A 73-year-old South Asian Indian woman with a stroke; Case 11 Carlos Cruz: A 34-year-old Mexican man with sleep apnea and metabolic syndrome; Case 12 Denise Smith: A 41-year-old Caucasian woman with asthma 327 $aCase 13 Mae Ling Chung: A 22-year-old Chinese woman in an arranged marriageCase 14 Earl Collins: A 73-year-old African American man with lung cancer; Case 15 Irma Matos: A 66-year-old Ecuadorian woman with type 2 diabetes and hypertension; Case 16 Eileen Clark: An 82-year-old African American woman with a stroke; Case 17 Leslie O'Malley: A 66-year-old Irish American man with breast cancer; Case 18 Juana Caban: A 21-year-old Puerto Rican woman who is pregnant and HIV-positive; Case 19 Alice Gregory: A 71-year-old African American woman with aortic stenosis 327 $aCase 20 Sunil Guha: A 32-year-old South Asian Indian man with metabolic syndromeCase 21 Pepper Hawthorne: A 19-year-old Caucasian woman with a stroke; Case 22 Alika Nkuutu: A 24-year-old African woman with sickle cell disease; Case 23 Miguel Cortez: A 9-year-old Mexican boy with asthma; Case 24 Naomi Fulton: A 49-year-old African American woman with metabolic syndrome; Case 25 Bobby Napier: A 68-year-old Caucasian Appalachian man with type 2 diabetes; Appendix 1: Positioning the Interpreter; Appendix 2: Kleinman's Explanatory Model of Illness; Multiple Choice Questions; Answers; Index 330 $aAchieving Cultural Competency: A Case-Based Approach to Training Health Professionals provides the necessary tools to meet the ever-growing need for culturally competent practitioners and trainees. Twenty-five self-study cases cover a variety of medical topics, including cardiovascular, pulmonary, neurology, oncology, hematology, immunology, and pediatric disorders. Actual scenarios that occurred in clinical settings help the user gain direct insight into the realities of practice today. Cultural factors covered within the cases include cultural diversity plus gender, language, folk bel 606 $aTranscultural medical care$vCase studies 606 $aPhysician and patient$vCase studies 606 $aMedical personnel$xTraining of$vCase studies 615 0$aTranscultural medical care 615 0$aPhysician and patient 615 0$aMedical personnel$xTraining of 676 $a610.69/6 676 $a610.696 701 $aHark$b Lisa$0859691 701 $aDeLisser$b Horace$0859692 701 $aMorrison$b Gail$0859693 801 0$bMiAaPQ 801 1$bMiAaPQ 801 2$bMiAaPQ 906 $aBOOK 912 $a9910146140203321 996 $aAchieving cultural competency$91918500 997 $aUNINA